| 000 | 01100cam a22003257a 4500 | ||
|---|---|---|---|
| 003 | CHAP | ||
| 005 | 20230822062639.0 | ||
| 008 | 971013s1974 r 00010 d | ||
| 010 | _a38742 | ||
| 011 | _a39714 | ||
| 035 | _a43839 | ||
| 040 | _cCHAP | ||
| 082 |
_a608.7 _bP4Y |
||
| 100 | 0 | 0 |
_aPenrose, Edith T. _986723 |
| 245 | 1 | 3 | _aLa economía del sistema internacional de patentes |
| 260 |
_aMéxico : _bSiglo XXI, _c1974 |
||
| 300 | _a253 p. | ||
| 490 | 0 | _aEconomía y demografía | |
| 590 |
_aBATCH-UPD _b10 _c20130110 _lUCH01 _h1755 |
||
| 590 |
_aBATCH-UPD _b10 _c20130410 _lUCH01 _h1132 |
||
| 590 |
_aBATCH-UPD _b10 _c20130914 _lUCH01 _h1708 |
||
| 590 |
_aCONVERSION _b10 _c20130109 _lUCH01 _h1322 |
||
| 650 | 1 | 4 |
_aPatentes. _986153 |
| 830 | 0 | 4 |
_aEconomía y demografía (Siglo XXI Editores) _935280 |
| 901 | _aBK | ||
| 942 | _cLIBRO | ||
| 949 |
_a608.7 P4Y _bBC _cLIBRO _d33724000011342 _eLIBRO _h44022 _i43839 _si _t63.00 |
||
| 949 |
_a608.7 P4Y _bBC _cLIBRO _d33724000011359 _eLIBRO _fc.2 _h45522 _i43839 _si _t63.00 |
||
| 949 |
_a608.7 P4Y _bBC _cLIBRO _d33724000011383 _eLIBRO _fc.3 _h66903 _i43839 _si _t63.00 |
||
| 999 |
_c38742 _d38742 |
||